[Event "NED-ch U13"]
[Site "Rijswijk"]
[Date "2006.05.27"]
[Round "7"]
[White "Ten Hertog, Hugo"]
[Black "Smid, Tom"]
[Result "1-0"]
[WhiteElo "1840"]
[BlackElo "1596"]
[PlyCount "55"]
[EventDate "2006.05.25"]
[EventType "swiss"]
[EventRounds "9"]
[EventCountry "NED"]
[SourceTitle "EXT 2009"]
[Source "ChessBase"]
[SourceDate "2008.11.26"]
[SourceVersion "1"]
[SourceVersionDate "2008.11.26"]
[SourceQuality "1"]

1. e4 d5 2. exd5 Nf6 3. d4 Bg4 4. Nf3 Qxd5 5. Be2 e6 6. c4 Qh5 7. Nc3 a6 8. Bf4 Qa5 9. 0-0 c6 10. h3 Bf5 11. Nh4 Bg6 12. Nxg6 hxg6 13. Bf3 Qf5 14. Bh2 Qg5 15. Kh1 Nh5 16. d5 Nf4 17. Ne4 Qh6 18. Bxf4 Qxf4 19. dxe6 fxe6 20. Re1 Nd7 21. Bg4 Be7 22. Bxe6 Rd8 23. Qc2 Rh6 24. Rad1 Qc7 25. c5 b6 26. Nd6+ Bxd6 27. cxd6 Qb8 28. Qxc6 1-0

[Event "NED-ch U13"]
[Site "Rijswijk"]
[Date "2006.05.26"]
[Round "4"]
[White "Brookes, Christopher"]
[Black "Smid, Tom"]
[Result "0-1"]
[WhiteElo "1446"]
[BlackElo "1596"]
[PlyCount "80"]
[EventDate "2006.05.25"]
[EventType "swiss"]
[EventRounds "9"]
[EventCountry "NED"]
[SourceTitle "EXT 2009"]
[Source "ChessBase"]
[SourceDate "2008.11.26"]
[SourceVersion "1"]
[SourceVersionDate "2008.11.26"]
[SourceQuality "1"]

1. c4 e5 2. Nc3 Nc6 3. d3 g6 4. g3 Bg7 5. Bg2 d6 6. Nf3 Be6 7. 0-0 h6 8. Bd2 Qd7 9. Qb3 Nge7 10. a3 0-0 11. Qc2 f5 12. Ne1 Nd4 13. Qc1 Nb3 14. Qd1 Nxa1 15. Qxa1 c6 16. f4 exf4 17. Bxf4 g5 18. Bd2 d5 19. cxd5 Nxd5 20. Qc1 Rad8 21. Nc2 Nxc3 22. Bxc3 Bxc3 23. bxc3 Bd5 24. e4 fxe4 25. Rxf8+ Rxf8 26. dxe4 Bc4 27. Nd4 Be6 28. Nf3 Bh3 29. Qd2 Qxd2 30. Nxd2 Bxg2 31. Kxg2 Rd8 32. Nc4 Rd3 33. Na5 Rxc3 34. Nxb7 Rxa3 35. Nd8 c5 36. e5 Ra6 37. Nb7 c4 38. Kf3 Re6 39. Nd6 Rxd6 40. exd6 Kf7 0-1

[Event "NED-ch U13"]
[Site "Rijswijk"]
[Date "2006.05.25"]
[Round "3"]
[White "Smid, Tom"]
[Black "Ocelik, Vaclav"]
[Result "1/2-1/2"]
[WhiteElo "1596"]
[BlackElo "1333"]
[PlyCount "58"]
[EventDate "2006.05.25"]
[EventType "swiss"]
[EventRounds "9"]
[EventCountry "NED"]
[SourceTitle "EXT 2009"]
[Source "ChessBase"]
[SourceDate "2008.11.26"]
[SourceVersion "1"]
[SourceVersionDate "2008.11.26"]
[SourceQuality "1"]

1. e4 c5 2. d4 cxd4 3. c3 dxc3 4. Nxc3 Nc6 5. Nf3 d6 6. Bc4 Nf6 7. 0-0 Bg4 8. h3 Bh5 9. Qd3 Bxf3 10. Qxf3 Ne5 11. Bb5+ Nfd7 12. Qe2 g6 13. f4 Nc6 14. e5 Nd4 15. Qd3 Nxb5 16. Qxb5 dxe5 17. fxe5 Qb6+ 18. Qxb6 Nxb6 19. Nb5 Nd5 20. Rd1 e6 21. Rxd5 exd5 22. Nc7+ Kd8 23. Nxa8 Bc5+ 24. Kh2 Kd7 25. Bg5 Rxa8 26. Bf6 Re8 27. Rc1 Bd4 28. e6+ fxe6 29. Bxd4 e5 1/2-1/2

[Event "NED-ch U13"]
[Site "Rijswijk"]
[Date "2005.05.05"]
[Round "1"]
[White "Smid, Tom"]
[Black "De Vries, Joel"]
[Result "0-1"]
[WhiteElo "1685"]
[BlackElo "1446"]
[PlyCount "68"]
[EventDate "2005.05.05"]
[EventType "swiss"]
[EventRounds "9"]
[EventCountry "NED"]
[SourceTitle "EXT 2013"]
[Source "ChessBase"]
[SourceDate "2012.11.22"]
[SourceVersion "1"]
[SourceVersionDate "2012.11.22"]
[SourceQuality "1"]

1. e4 e6 2. d4 d5 3. Be3 dxe4 4. f3 Nc6 5. fxe4 Qh4+ 6. Kd2 Qxe4 7. Nf3 Nf6 8. Bd3 Qg4 9. Qe2 Bd7 10. c3 Bd6 11. Rf1 0-0 12. Kc2 Rfe8 13. Nbd2 e5 14. dxe5 Nxe5 15. Rg1 Nxd3 16. h3 Qe6 17. Qxd3 Qxe3 18. Qxe3 Rxe3 19. Nd4 Ne4 20. Nf1 c5 21. Nxe3 cxd4 22. cxd4 Rc8+ 23. Kd3 Nf6 24. a4 g6 25. Rgf1 Nh5 26. g4 Nf4+ 27. Kd2 Bb4+ 28. Kd1 Nxh3 29. b3 Bc3 30. Rc1 Bxd4 31. Rxc8+ Bxc8 32. Nd5 Kg7 33. Kd2 Ng5 34. Rf4 Bb6 0-1